| 000 | 00323nam a22001457a 4500 | ||
|---|---|---|---|
| 082 | _aP-527 | ||
| 100 |
_aTasaddaq Hussain _948354 |
||
| 245 | _aSelf Compacting concrete | ||
| 260 |
_aMCE _bMCE _c2013 |
||
| 300 | _a81 | ||
| 526 |
_a0 _b0 _c0 _dP_527 |
||
| 650 |
_aMCE _9379 |
||
| 700 |
_aProject _948049 |
||
| 942 |
_2ddc _cBK |
||
| 999 |
_c551329 _d551329 |
||